BSOP header

An exposition upon the epistle of Jude / (Record no. 4176)

MARC details
000 -LEADER
fixed length control field 00500nam a2200157 4500
008 - FIXED-LENGTH DATA ELEMENTS--GENERAL INFORMATION
fixed length control field 010925s1653 us engYA
090 ## - LOCALLY ASSIGNED LC-TYPE CALL NUMBER (OCLC); LOCAL CALL NUMBER (OCLC)
Classification number (OCLC) (R) ; Classification number, CALL (RLIN) (NR) BS2815.3
Local cutter number (OCLC) ; Book number/undivided call number, CALL (RLIN) J42
100 1# - MAIN ENTRY--PERSONAL NAME
Personal name Jenkyn, William
245 10 - TITLE STATEMENT
Title An exposition upon the epistle of Jude /
Statement of responsibility, etc by William Jenkyn.
250 ## - EDITION STATEMENT
Edition statement rev. and corrected
260 ## - PUBLICATION, DISTRIBUTION, ETC. (IMPRINT)
Place of publication, distribution, etc Pasadena :
Name of publisher, distributor, etc Soli Deo Gloria,
Date of publication, distribution, etc c1653.
300 ## - PHYSICAL DESCRIPTION
Extent 367 p.
650 #4 - SUBJECT ADDED ENTRY--TOPICAL TERM
Topical term or geographic name as entry element Bible. N. T. Jude
General subdivision Commentaries.
650 #4 - SUBJECT ADDED ENTRY--TOPICAL TERM
Topical term or geographic name as entry element Sermons.
951 ## - EQUIVALENCE OR CROSS-REFERENCE-GEOGRAPHIC NAME/AREA NAME [OBSOLETE] [CAN/MARC only]
-- 12471
-- BS2815.3/J42
-- 070613111004875
-- 2000-12-21
-- REF
Holdings
Withdrawn status Lost status Damaged status Not for loan Home library Current library Shelving location Date acquired Accession number Shelving control number Total Checkouts Full call number Date last seen Price effective from Koha item type
        BSOP Library BSOP Library Reference 12/21/2000 12471 127   BS2815.3/J42 02/23/2013 02/23/2013 Books
BSOP

Biblical Seminary of the Philippines
  All rights Reserved
  © 2024

CONTACT INFORMATION

Biblical Seminary of the Philippines,
  77-B Karuhatan Road, Valenzuela City,
  PHILIPPINES 1441
  Phone: +632 8292-6795 / 8292-6798
  Fax : +632 8292-6675
  Email: library@bsop.edu.ph